| 000 | 00960nam a2200217Ia 4500 | ||
|---|---|---|---|
| 999 |
_c34500 _d34500 |
||
| 001 | 249 | ||
| 003 | GE_BSU | ||
| 005 | 20210222130755.0 | ||
| 008 | 181216s ||||ge |||||||||||||| ||geo|| | ||
| 020 | _a5511001546 | ||
| 040 | _cGE_BSU | ||
| 041 | _ageo | ||
| 080 | _a94(100)(075.8)+94(100),,19''(075.8) ა-98 | ||
| 245 |
_aახალი ისტორია (მეორე პერიოდი) : _bსახელმძღვანელო სტუდენტებისათვის / _cრედ. : დონაძე, ვ.; ნამორაძე, ნ. |
||
| 264 |
_aთბილისი : _bთბილისის უნივერსიტეტის გამომცემლობა, _c1990. |
||
| 300 | _a255 გვ. | ||
| 653 | _aისტორია | ||
| 700 |
_aდონაძე, ვ. _eრედაქტორი _910182 |
||
| 700 |
_aნამორაძე, ნ. _eრედქტორი _92135 |
||
| 942 |
_cBK _2udc |
||